Most Appearances & Goals at the FIFA World Cup for Brazil - Statistics

General Stats
  • This quiz has been taken 234 times
    172 since last reset
  • The average score is 16 of 27
Answer Stats
Answer % Correct
Ronaldo
99%
Pelé
97%
Neymar Jr.
91%
Cafu
86%
Rivaldo
86%
Roberto Carlos
83%
Garrincha
81%
Romario
80%
Zico
77%
Thiago Silva
76%
Socrates
70%
Jairzinho
68%
Gilberto Silva
65%
Lucio
61%
Bebeto
60%
Dunga
60%
Cláudio Taffarel
51%
Didi
45%
Vava
45%
Nilton Santos
43%
Rivelino
37%
Leônidas
32%
Careca
28%
Ademir
27%
Gilmar
22%
Émerson Leão
12%
Chico
11%
No matching quizzes found
Score Distribution
Percent of People with Each Score
Percentile by Number Answered
Your Score History
You have not taken this quiz since the last reset